Elastica Songs - Statistics

General Stats
  • This quiz has been taken 8 times
  • The average score is 16 of 46
Answer Stats
Hint Answer % Correct
Elastica Connection
86%
Elastica Indian Song
86%
Elastica Car Song
71%
Elastica Stutter
71%
Elastica 2:1
57%
Elastica Blue
57%
Elastica All Nighter
43%
Elastica Annie
43%
The Menace Generator
43%
Elastica Hold Me Now
43%
Radio One Sessions In The City
43%
Elastica Line Up
43%
The Menace Mad Dog
43%
The Menace My Sex
43%
Elastica Never Here
43%
B Side See That Animal
43%
Elastica Smile
43%
Elastica S.O.F.T.
43%
Elastica Vaseline
43%
Elastica Waking Up
43%
Radio One Sessions Ba Ba Ba
29%
B Side Brighton Rock
29%
The Menace Da Da Da
29%
B Side Gloria
29%
The Menace How He Wrote Elastica Man
29%
The Menace Human
29%
The Menace Image Change
29%
Radio One Sessions I Wanna Be A King Of Orient Aah
29%
Radio One Sessions I Want You
29%
The Menace KB
29%
The Menace Love Like Ours
29%
The Menace Miami Nice
29%
The Menace Nothing Stays The Same
29%
B Side Pussycat
29%
B Side Spastica
29%
The Menace The Way I Like It
29%
The Menace Your Arse My Place
29%
B Side Bush Baby
14%
B Side Car Wash
14%
EP Operate
14%
B Side Rockunroll
14%
B Side Suicide
14%
Single The Bitch Don't Work
14%
Radio One Sessions The Other Side
14%
B Side Jam II
0%
B Side No Good!
0%
No matching quizzes found
Score Distribution
Percent of People with Each Score
Percentile by Number Answered
Your Score History
You have not taken this quiz